Kraje według świątecznego dania - Statystyki

Ogólne statystyki
  • Ten quiz został rozwiązany 29 razy
  • Średni wynik to 11 z 16
Statystyki odpowiedzi
Opis Nazwa dania Kraj % Poprawnych
Pierogi z kapustą i grzybami Pierogi z kapustą i grzybami Polska
100%
Pieczona gęś Weihnachtsgans Niemcy
95%
Szynka dojrzewająca Jamón ibérico Hiszpania
86%
Pasztet z wątróbki Foie gras Francja
82%
Kurczak z KFC KFC chikin Japonia
82%
Zupa rybna (najczęściej z karpia) Halászlé Węgry
82%
Panettone Panettone Włochy
77%
Pieczony prosiak Kǎo rǔ zhū Chiny
73%
Dorsz w sosie pomidorowym Bacalao a la Vizcaína Meksyk
68%
Świąteczna szynka Julskinka Szwecja
68%
Danie z wielorybiej skóry i tłuszczu Muktuk Grenlandia
59%
Pieczone żeberka wieprzowe Ribbe Norwegia
55%
Pieczona świnka morska Cuy al horno Peru
55%
Ryż z jagnięciną Fatta Egipt
36%
ciasto kukurydziane z mięsem w liściu bananowca Hallacas Wenezuela
32%
Gulasz z soczewicy Kik alicha Etiopia
18%
Nie znaleziono quizów pasujących do podanych kryteriów
Rozkład punktacji
Procent ludzi z każdym wynikiem
Percentyl według liczby udzielonych odpowiedzi
Twoja historia wyników
Nie rozwiązałeś tego quizu